Introductory chemistry : Investigating the molecular of matter

Help your students gain a solid understanding of central chemical principles with this supportive introductory chemistry text. Addressing the needs of students of varied backgrounds, authors Burkett and Sevenair emphasize skill-building, analytical thinking, real-life applications, and the history o...

Deskribapen osoa

Gorde:
Xehetasun bibliografikoak
Egile nagusia: Sevenair, John P.
Formatua: Liburua
Hizkuntza:Undetermined
Argitaratua: Dubuque, Iowa WCB 1996
Gaiak:
Etiketak: Etiketa erantsi
Etiketarik gabe, Izan zaitez lehena erregistro honi etiketa jartzen!
Thư viện lưu trữ: Trung tâm Học liệu Trường Đại học Cần Thơ
LEADER 00907nam a2200217Ia 4500
001 CTU_32961
008 210402s9999 xx 000 0 und d
020 |b 389200 
082 |a 540 
082 |b S497 
100 |a Sevenair, John P. 
245 0 |a Introductory chemistry : 
245 0 |b Investigating the molecular of matter 
245 0 |c John P. Sevenair, Allan R. Burkett 
260 |a Dubuque, Iowa 
260 |b WCB 
260 |c 1996 
520 |a Help your students gain a solid understanding of central chemical principles with this supportive introductory chemistry text. Addressing the needs of students of varied backgrounds, authors Burkett and Sevenair emphasize skill-building, analytical thinking, real-life applications, and the history of science and the scientific process. 
650 |a Chemistry 
904 |i Minh, Hải 
980 |a Trung tâm Học liệu Trường Đại học Cần Thơ